Greece Country Quiz - Statistics

General Stats
  • This quiz has been taken 220 times
  • The average score is 9 of 20
Answer Stats
Hint Answer % Correct
Capital Athens
97%
Largest island Crete
88%
Currency Euro
81%
Largest island in the above group Rhodes
67%
Fourth largest island Rhodes
67%
Second largest city Thessaloniki
66%
Sontorini, Andros, and Naxos are in what island group Cyclades
52%
Third largest island Lesbos
52%
Island group west of Greece Ionian Islands
51%
Third largest city Patra
45%
Second largest island Euboea
42%
Island group in south near Turkey Dodecanese
34%
Alonissos is in what group north of Eubouea/Evia Sporades Islands
30%
Fifth largest island Chios
24%
Largest Ionian island Cephalonia
17%
Largest Mountain range Pindus Mountains
17%
Above is on what gulf? Thermaic Gulf
17%
Salamis is in what group east of the Peloponnese Saronic Islands
10%
Longest River Maritsa River
1%
River between Greece and Turkey Maritsa River
1%
No matching quizzes found
Score Distribution
Percent of People with Each Score
Percentile by Number Answered
Your Score History
You have not taken this quiz